000 01013nam a22002177a 4500
999 _c59030
_d59030
003 Ge_BSU
005 20221102114414.0
008 221102s2004 ge ||||| |||| 00| 0 geo d
041 _ageo
080 _a341.76+338.22 + 395.6 ჯ-67
100 _aჯოლია, გურამ
_915728
245 _aმოლაპარაკების თეორია და პრაქტიკა :
_bდიპლომატიური და ბიზნეს-ურთიერთობები /
_cგურამ ჯოლია.
264 _aთბილისი,
_c2004.
300 _a256გვ. ;
_b20სმ.
504 _aბიბლიოგრ.: გვ. 254-255.
653 _aდიპლომატია
653 _aბიზნეს ურთიერთობები
653 _aმოლაპარაკების ორგანიზაცია
653 _aგადაწყვეტილების მიღების მეთოდxები
942 _2udc
_cBK